000 02821 a2200253 4500
001 24214
005 20260407155526.0
008 260407a2013 arg spa d
003 AR-UNSa-BCEJYS
040 _aAR-UNSa-BCEJYS
_bspa
_cAR-UNSa-BCEJYS
080 _a657
_xContabilidad
245 1 0 _aNormas contables para la actividad agropecuaria
_pAnálisis y aplicación de las siguientes normas: Resolución Técnica Nº 22, NIC Nº 41, NIIF para Pymes, sección 34
020 _a978-987-716-004-8
250 _a3a. ed.
264 1 _aBuenos Aires :
_bOsmar D. Buyatti
_c2013
300 _a500 p.
_c22 cm.
505 _a1. Cuestiones previas al estudio de las normas de la RT 22 - 2. Normas de medición y de exposición establecidas para la generalidad de las actividades agropecuarias - 3. Medición de activos biológicos y de productos agropecuarios - 4. Medición de bienes destinados a la venta en el curso normal de la actividad - 5. Medición de activos biológicos con procesos de producción continuos - 6. Medición de activos específicos de la actividad agropecuaria destinados a ser utilizados como factor de la producción - 7. Medición de los resultados específicos de la actividad agropecuaria - 8. Rubros vinculados a la actividad agropecuaria no contemplados por la RT 22 - 9. Exposición de activos y resultados específicos de la actividad agropecuaria - 10. Propuesta de medición de activos biológicos en el proyecto de RT Nº 22, sección C - 11. Aplicación de las normas internacionales de información financiera en el ámbito nacional - 12. Aplicación de las normas a la actividad ganadera - 13. Aplicación de las normas internacionales de información financiera a los procesos productivos continuos - 14. Aplicación de las normas a las cabañas (producción de reproductores) - 15. Aplicación de las normas a la agricultura - 16. Aplicación de las normas internacionales de información financiera a los procesos productivos terminales - 17. Aplicación de las normas a la horticultura - 18. Aplicación de las normas a la fruticultura - 19. Aplicación de las normas a la actividad tambera - 20. Aplicación de las normas a la avicultura - 21. Aplicación de las normas propuestas en el P22 para entes pequeños y medianos - 22. Aplicación de las normas de la RT 22 a la actividad forestal - 23. Contabilización del impuesto a las ganancias en las empresas agropecuarias - 24. Estados contables de entes agropecuarios ajustados a moneda homogénea
942 _cBK
590 _aniveau_biblio:m niveau_hierar:0
100 1 _aTorres, Carlos Federico
650 _aRESOLUCION TECNICA Nº 22 NIC Nº 41
856 4 1 _uhttps://biblioeco.unsa.edu.ar/pmb/images/libros/Actividad Agropecuaria.jpg
_yImagen de portada
_qimage/jpeg
650 _a resolucion tecnica nº 22 nic nº 41
999 _c1164
_d1164